00719nam a2200217Ia 4500003000400000005001700004008004100021020001800062040000700080041000800087082002400095100005000119245004700169260004000216300001800256365000800274906004600282942001200328999001900340952014200359OSt20230517160443.0210423s2013 xx 000 0 und d a9788173718298 cAL aeng a616.079028 GANS223 aGANGAL (Sudha); SONTAKKE (Shubhangi).9107196 aTextbook of basic and clinical immunology. aNew DelhibUniversities Pressc2013 axxxix,531bPB cINR abasic ; clinical ; immunology. ; Textbook 2ddccBK c164944d164944 001040708BTaSACPGbSACPGd2013-10-01eIntact Bookhousel4o616.079028 GANSpPG011442r2022-08-24 00:00:00s2021-09-30w2021-04-26yBK